Central Library OPAC University of Rajshahi

Freedom at midnight / (Record no. 65472)

MARC details
000 -LEADER
fixed length control field 00729nam a2200253 i 4500
001 - CONTROL NUMBER
control field 65472
003 - CONTROL NUMBER IDENTIFIER
rucl marc code BD-RjUL
005 - DATE AND TIME OF LATEST TRANSACTION
control field 20211209081429.0
008 - FIXED-LENGTH DATA ELEMENTS--GENERAL INFORMATION
fixed length control field 170306s1978 ii abcf b 001 0 eng d
035 ## - SYSTEM CONTROL NUMBER
System control number (BD-RjUL)65602
040 ## - CATALOGING SOURCE
Original cataloging agency DLC
Transcribing agency DLC
Modifying agency DLC
-- BD-RjUL
Language of cataloging eng
041 ## - LANGUAGE CODE
Language code of text/sound track or separate title eng
082 00 - DEWEY DECIMAL CLASSIFICATION NUMBER
Classification number 954.04
Author mark and year COF 1978
Edition number 23
100 1# - MAIN ENTRY--PERSONAL NAME
Personal name Collins, Larry.
9 (RLIN) 80308
245 10 - TITLE STATEMENT
Title Freedom at midnight /
Statement of responsibility, etc. by Larry Collins and Dominique Lapierre.
250 ## - EDITION STATEMENT
Edition statement 4th ed.
260 ## - PUBLICATION, DISTRIBUTION, ETC. (IMPRINT)
Place of publication, distribution, etc. London :
Name of publisher, distributor, etc. Collins,
Date of publication, distribution, etc. 1978.
300 ## - PHYSICAL DESCRIPTION
Pagination 500 p. :
Illustrations ill. ;
Size 23 cm.
500 ## - GENERAL NOTE
General note Includes index.
651 #0 - SUBJECT ADDED ENTRY--GEOGRAPHIC NAME
Geographic name India
General subdivision History
Chronological subdivision 1947-
9 (RLIN) 5873
700 1# - ADDED ENTRY--PERSONAL NAME
Personal name Lapierre, Dominique,
Relator term joint author.
942 ## - ADDED ENTRY ELEMENTS (KOHA)
Source of classification or shelving scheme Dewey Decimal Classification
Koha item type Books
Holdings
Lost status Source of classification or shelving scheme Damaged status Not for loan Collection code Permanent Location Current Location Shelving location Date acquired Source of acquisition Cost, normal purchase price Total Checkouts Full call number Date last seen Copy number Koha item type
  Dewey Decimal Classification   Not For Loan Non-fiction Central Library, University of Rajshahi Central Library, University of Rajshahi Reading Room 22/11/1978 World Agencies, Dhaka 40.00   954.04 COF 1978 06/03/2017 C-1 Books